| 000 | 00407nam a22001337a 4500 | ||
|---|---|---|---|
| 003 | NUST | ||
| 005 | 20230126093225.0 | ||
| 008 | 230126b ||||| |||| 00| 0 eng d | ||
| 082 | _a428,RIG | ||
| 245 |
_aThe Right Word At The Right Time - A Guide To The English Language And How To Use It / _c Reader's Digest |
||
| 260 |
_aNew York _b Reader's Digest _c1987 |
||
| 300 | _a688p. | ||
| 942 |
_2ddc _cBK _k428,RIG |
||
| 999 |
_c593010 _d593010 |
||